Sports Quiz

Random Sports or Golf Quiz
Score 0/16 Timer 02:00
14 Plays Today
% Correct
Basketball
97.1%
Boxing
96.8%
Ice Hockey
96.5%
Golf
96.2%
Archery
96.1%
Weightlifting
96.1%
Gymnastics
96%
Tennis
96%
% Correct
Table Tennis
95.8%
Badminton
95.7%
Soccer (Association Football)
95.6%
Cricket
95.5%
Baseball
95.4%
Volleyball
95.2%
American Football
94.7%
Rugby
93.5%
Remove Ads.
Support Sporcle.
Get the best of Sporcle when you Go Orange. This ad-free experience offers more features, more stats, and more fun while also helping to support Sporcle. Thank you for becoming a member.

You're not logged in!

Compare scores with friends on all Sporcle quizzes.
OR
Log In

Show Comments

Extras

Top Quizzes Today


Score Distribution

Your Account Isn't Verified!

In order to create a playlist on Sporcle, you need to verify the email address you used during registration. Go to your Sporcle Settings to finish the process.

Report this User

Report this user for behavior that violates our Community Guidelines.

Details: